000 00674cam a22002171 4500
001 sa 64008290
003 DLC
005 20260227112053.0
008 890514q io 000 0 ind
010 _asa 64008290
035 _a(OCoLC)23544008
040 _aDLC
_cMiU
_dDLC
042 _apremarc
050 0 0 _aBP174
_b.A4 1963
100 1 _aAlaydrus, Ali.
245 1 0 _aKitab perukunan, mengandung adjaran² jang wadjib atas tiap² orang Island jang mukallaf, perihal agama Islam dengan lengkap dan singkat.
250 _aTjet. 5.
260 _aDjakarta,
_bFirma S. Ali Alaydrus
_c[cover 1963]
300 _a60 p.
_c17 cm.
650 0 _aIslam
_xCustoms and practices.
999 _c60791
_d60791